| 000 | 00929nam a22003017a 4500 | ||
|---|---|---|---|
| 003 | CHAP | ||
| 005 | 20220329140728.0 | ||
| 008 | 971013s1977 r 00010 d | ||
| 010 | _a56654 | ||
| 011 | _a57626 | ||
| 035 | _a61781 | ||
| 040 | _cCHAP | ||
| 090 | _aFolleto 4765 | ||
| 110 |
_aSociedad Agronómica Mexicana _9108045 |
||
| 245 | _aVoto particular sobre el derecho de propiedad | ||
| 260 |
_aMéxico, D.F. : _b(s.e.), _c1977 |
||
| 300 | _a20 p. | ||
| 590 |
_aBATCH-UPD _b10 _c20130110 _lUCH01 _h0411 |
||
| 590 |
_aBATCH-UPD _b10 _c20130410 _lUCH01 _h0045 |
||
| 590 |
_aBATCH-UPD _b10 _c20130914 _lUCH01 _h0402 |
||
| 590 |
_aCONVERSION _b10 _c20130109 _lUCH01 _h1330 |
||
| 650 | 1 | 4 |
_aDerecho agrario _xMéxico. _931876 |
| 700 | 0 |
_aArriaga, Ponciano. _97481 |
|
| 901 | _aBK | ||
| 942 | _cFOLL | ||
| 949 |
_aFolleto 4765 _bBC _cFOLL _d-132619 _eTS1 _i61781 _si |
||
| 949 |
_aFolleto 4765 _bBC _cFOLL _d-132620 _eTS2 _fc.2 _i61781 _si |
||
| 999 |
_c56654 _d56654 |
||